000 00762nam a22002777a 4500
001 BR1200006
003 BR-BrBNA
005 20230928082822.0
007 ta
008 230509b bl.||||| |||| 00| 0 por d
040 _aBR-BrBNA
_bpor
_cBiblioteca Nacional de Agricultura
041 _a(Por)
072 _aM00; Q10
_b/G514
090 _ M00 BR1200006 OBR
100 1 _aVillar, F.
245 1 _aPelas industrias da pesca no Brasil
260 3 _aRio de Janeiro, GB (Brasil):
_c[nd].
300 _a450 p.
500 _aOBRA RARA. 65 illus.; Published after 1911.
650 _aPESCA
650 _aINDUSTRIA ALIMENTICIA
650 _aPOLITICA ECONOMICA
650 _aDESENVOLVIMENTO ECONOMICO
909 _a202309
_bLucia
_c55
_dLucia Elande
942 _cBK
999 _c10107
_d10107